|
|
|
|
| LEADER |
00990pam a22002538a 4500 |
| 001 |
00025715 |
| 005 |
20171026081022.0 |
| 008 |
110810s2011 ||||||viesd |
| 020 |
|
|
|c 55000
|
| 041 |
0 |
# |
|a vie
|
| 082 |
1 |
4 |
|a 370.7
|b V115H
|
| 245 |
0 |
0 |
|a Văn hóa giao tiếp trong nhà trường
|c Nguyễn Thị Kim Ngân tập hợp và g.t
|
| 260 |
# |
# |
|a Tp. Hồ Chí Minh
|b ĐHSP Tp. Hồ Chí Minh
|c 2011
|
| 300 |
# |
# |
|a 316 tr.
|c 24 cm.
|
| 650 |
# |
4 |
|a Giao tiếp
|
| 650 |
# |
4 |
|a Giáo dục
|
| 650 |
# |
4 |
|a Văn hóa
|
| 650 |
# |
4 |
|a Nhà trường
|
| 700 |
1 |
# |
|a Nguyễn Thị Kim Ngân
|e tập hợp và g.t
|
| 852 |
# |
# |
|b Kho mượn
|j KM.0005400, KM.0005546, KM.0005520, KM.0009656, KM.0009574, KM.0009610
|
| 852 |
# |
# |
|j KD.0010630
|j KM.0005546
|j KM.0005520
|j KM.0009656
|j KM.0009574
|j KM.0009610
|j KM.0005400
|
| 852 |
# |
# |
|b Kho đọc
|j KD.0010630
|
| 910 |
|
|
|d 10/08/2011
|
| 980 |
# |
# |
|a Trung tâm Học liệu Lê Vũ Hùng, Trường Đại học Đồng Tháp
|